Loading...
| Religion | 0 | 5 | 1 | 0 | 45 | 74 | 94.60 | 3 | 5 | 0.00 | 0.00 |
| History - World | 0 | 3 | 0 | 0 | 30 | 60 | 69.67 | 2 | 3 | 0.00 | 0.00 |
| History - American | 0 | 3 | 0 | 0 | 30 | 36 | 82.00 | 1 | 2 | 0.00 | 0.00 |
| Literature - World | 0 | 3 | 0 | 1 | 30 | 78 | 107.67 | 1 | 2 | 0.00 | 0.00 |
| History - Other | 0 | 2 | 0 | 1 | 20 | 121 | 123.00 | 0 | 1 | 0.00 | 0.00 |
| Geography | 0 | 2 | 1 | 0 | 15 | 48 | 54.00 | 0 | 2 | 0.00 | 0.00 |
| Current Events | 0 | 1 | 0 | 0 | 10 | 107 | 107.00 | 1 | 1 | 0.00 | 0.00 |
| Literature - British | 0 | 1 | 0 | 0 | 10 | 107 | 107.00 | 0 | 1 | 0.00 | 0.00 |
| Other Academic | 0 | 1 | 0 | 0 | 10 | 103 | 103.00 | 0 | 1 | 0.00 | 0.00 |
| Philosophy | 0 | 1 | 0 | 0 | 10 | 100 | 100.00 | 0 | 1 | 0.00 | 0.00 |
| Science - Chemistry | 0 | 1 | 0 | 0 | 10 | 102 | 102.00 | 0 | 1 | 0.00 | 0.00 |
| Science - Other | 0 | 1 | 0 | 0 | 10 | 86 | 86.00 | 0 | 1 | 0.00 | 0.00 |
| Mythology | 0 | 1 | 1 | 0 | 5 | 65 | 65.00 | 1 | 1 | 0.00 | 0.00 |
| Social Science | 0 | 1 | 1 | 1 | 5 | 124 | 124.00 | 0 | 0 | 0.00 | 0.00 |
| History - European | 0 | 1 | 2 | 0 | 0 | 65 | 65.00 | 0 | 1 | 0.00 | 0.00 |
| Fine Arts - Other | 0 | 0 | 0 | 0 | 0 | 0.00 | 0 | 0 | 0.00 | 0.00 |